How to study and interpret the Bible / (Record no. 3636)

MARC details
000 -LEADER
fixed length control field 00490nam a2200181Ia 4500
003 - CONTROL NUMBER IDENTIFIER
control field GBCCL
005 - DATE AND TIME OF LATEST TRANSACTION
control field 20241126110459.0
008 - FIXED-LENGTH DATA ELEMENTS--GENERAL INFORMATION
fixed length control field 171130b xxu||||| |||| 00| 0 eng d
040 ## - CATALOGING SOURCE
Transcribing agency gbc
082 ## - DEWEY DECIMAL CLASSIFICATION NUMBER
Classification number 220.6
Item number MOO
100 ## - MAIN ENTRY--PERSONAL NAME
Personal name Moon, Jesse K.
9 (RLIN) 7225
245 ## - TITLE STATEMENT
Title How to study and interpret the Bible /
Statement of responsibility, etc. Jesse K. Moon
260 ## - PUBLICATION, DISTRIBUTION, ETC.
Name of publisher, distributor, etc. Author,
Place of publication, distribution, etc. Texas:
Date of publication, distribution, etc. 1974
300 ## - PHYSICAL DESCRIPTION
Extent 79p.;
Other physical details ill.,
Dimensions 22 cm.
650 ## - SUBJECT ADDED ENTRY--TOPICAL TERM
Topical term or geographic name entry element Bible
Form subdivision Interpretation
9 (RLIN) 7226
650 ## - SUBJECT ADDED ENTRY--TOPICAL TERM
Topical term or geographic name entry element Bible
Form subdivision Studies
9 (RLIN) 7167
942 ## - ADDED ENTRY ELEMENTS (KOHA)
Source of classification or shelving scheme Dewey Decimal Classification
Koha item type Books
Koha issues (borrowed), all copies 4
Holdings
Withdrawn status Lost status Source of classification or shelving scheme Damaged status Not for loan Home library Current Library Shelving location Date acquired Total checkouts Full call number Barcode Date last seen Date last checked out Copy number Price effective from Koha item type
    Dewey Decimal Classification     GRACE BIBLE COLLEGE GRACE BIBLE COLLEGE Biblical Studies 2017-11-30 4 220.6 MOO 008333 2025-05-01 2018-10-10 c.1 2017-11-30 Books
© Grace Bible College Library 2025